[Event "San Benedetto del Tronto Martire 3rd"]
[Site "San Benedetto del Tronto"]
[Date "2010.11.13"]
[Round "4"]
[White "Giobbi, Costantino"]
[Black "Spada, Angelo"]
[Result "0-1"]
[WhiteElo "1916"]
[BlackElo "2039"]
[PlyCount "72"]
[EventDate "2010.11.07"]
[EventType "swiss"]
[EventRounds "6"]
[EventCountry "ITA"]
[SourceTitle "EXT 2024"]
[Source "ChessBase"]
[SourceDate "2023.10.10"]
[SourceVersion "1"]
[SourceVersionDate "2023.10.10"]
[SourceQuality "1"]

1. e4 e6 2. d4 c5 3. Nf3 cxd4 4. Nxd4 a6 5. Be2 Nf6 6. Nc3 Bb4 7. Qd3 Qc7 8. 0-0 Nc6 9. Nxc6 Qxc6 10. Bf3 Bxc3 11. bxc3 e5 12. Rd1 0-0 13. Ba3 Re8 14. g4 d5 15. g5 dxe4 16. Qd6 Qxc3 17. gxf6 Qxf3 18. Qxe5 Bh3 19. Qg3 Qxg3+ 20. hxg3 Rac8 21. Rab1 Bg4 22. Rdc1 b5 23. fxg7 Rc6 24. f4 exf3 25. Re1 Re2 26. Red1 Kxg7 27. Rb4 Rg2+ 28. Kf1 Rxg3 29. Bb2+ Kg6 30. Rd8 h5 31. Rf4 f5 32. Rfd4 h4 33. R4d7 Bh3+ 34. Kf2 Rxc2+ 35. Ke3 f2+ 36. Kd4 Rc4+ 0-1

[Event "San Severino Marche 12th"]
[Site "San Severino Marche"]
[Date "2010.09.05"]
[Round "5"]
[White "Cardona, Alberto"]
[Black "Spada, Angelo"]
[Result "0-1"]
[WhiteElo "1805"]
[BlackElo "2046"]
[PlyCount "72"]
[EventDate "2010.09.03"]
[EventType "swiss"]
[EventRounds "5"]
[EventCountry "ITA"]
[SourceTitle "EXT 2024"]
[Source "ChessBase"]
[SourceDate "2023.10.10"]
[SourceVersion "1"]
[SourceVersionDate "2023.10.10"]
[SourceQuality "1"]

1. c4 f5 2. Nc3 Nf6 3. d3 g6 4. g3 Bg7 5. Bg2 0-0 6. Nf3 d6 7. 0-0 c6 8. Bg5 Na6 9. Qc1 e5 10. e4 Qe8 11. Bh6 Nc5 12. Ne1 Bxh6 13. Qxh6 Ng4 14. Qd2 Ne6 15. exf5 gxf5 16. Nf3 Qh5 17. h3 Nh6 18. Ne2 Nf7 19. d4 Neg5 20. Nxg5 Nxg5 21. h4 Nf7 22. dxe5 dxe5 23. f4 Rd8 24. Qe1 e4 25. Kh2 Be6 26. b3 Nh6 27. Ng1 Rd3 28. Nf3 Re3 29. Qd1 exf3 30. Bxf3 Ng4+ 31. Kg1 Qe8 32. Qd4 Rd8 33. Qxa7 Rdd3 34. Bxg4 Rxg3+ 35. Kh2 fxg4 36. Rae1 Qd8 0-1

[Event "Teramo Province-ch"]
[Site "Teramo"]
[Date "2010.01.23"]
[Round "2"]
[White "Spada, Angelo"]
[Black "Martella, Antonio"]
[Result "0-1"]
[WhiteElo "2060"]
[BlackElo "1945"]
[PlyCount "99"]
[EventDate "2010.01.23"]
[EventType "swiss"]
[EventRounds "5"]
[EventCountry "ITA"]
[SourceTitle "EXT 2024"]
[Source "ChessBase"]
[SourceDate "2023.10.10"]
[SourceVersion "1"]
[SourceVersionDate "2023.10.10"]
[SourceQuality "1"]

1. d4 d5 2. e3 Nf6 3. Bd3 Bg4 4. Nf3 c6 5. Nbd2 Nbd7 6. c4 e5 7. cxd5 cxd5 8. dxe5 Nxe5 9. Bb5+ Ned7 10. Qb3 Bd6 11. h3 Be6 12. Ng5 0-0 13. Nxe6 fxe6 14. Bxd7 Qxd7 15. Nf3 Ne4 16. Bd2 Nc5 17. Qa3 Qb5 18. Qc3 Nd3+ 19. Ke2 Nf4+ 20. Kd1 Qe2+ 21. Kc2 Rac8 22. exf4 Rxc3+ 23. bxc3 Qe4+ 24. Kb2 Qa4 25. Rab1 Bxf4 26. Bxf4 Rxf4 27. Rhe1 Re4 28. Nd4 Rxd4 29. cxd4 Qxd4+ 30. Ka3 Qc3+ 31. Ka4 a6 32. Rxe6 b5+ 33. Rxb5 axb5+ 34. Kxb5 Qc4+ 35. Kb6 Qxa2 36. Kc5 Qxf2+ 37. Kxd5 Qxg2+ 38. Ke5 Kf7 39. Rb6 h5 40. Rb3 h4 41. Re3 g5 42. Kf5 g4 43. hxg4 h3 44. Kg5 Qd2 45. Kf4 h2 46. g5 h1Q 47. g6+ Kxg6 48. Kg4 Qd4+ 49. Kg3 Qxe3+ 50. Kg4 0-1

[Event "Porto San Giorgio op-A 21st"]
[Site "Porto San Giorgio"]
[Date "2009.08.21"]
[Round "1"]
[White "Baklan, Vladimir"]
[Black "Spada, Angelo"]
[Result "1-0"]
[WhiteElo "2639"]
[BlackElo "2070"]
[PlyCount "50"]
[EventDate "2009.08.21"]
[EventType "swiss"]
[EventRounds "9"]
[EventCountry "ITA"]
[SourceTitle "CBM 131 Extra"]
[Source "ChessBase"]
[SourceDate "2009.09.03"]
[SourceVersion "2"]
[SourceVersionDate "2009.09.16"]
[SourceQuality "1"]

1. e4 e5 2. Nf3 Nc6 3. Bb5 Bc5 4. c3 f5 5. exf5 e4 6. d4 exf3 7. dxc5 Qe7+ 8. Be3 Ne5 9. gxf3 b6 10. Rg1 Bb7 11. Nd2 Nh6 12. f4 Nxf5 13. fxe5 Nxe3 14. fxe3 Qh4+ 15. Rg3 0-0-0 16. Qe2 Rhe8 17. 0-0-0 Rxe5 18. Nf3 Bxf3 19. Qxf3 c6 20. Rxd7 Rd5 21. Rxd5 Rxd5 22. Ba6+ Kc7 23. Rxg7+ Kb8 24. Rg8+ Kc7 25. Qf7+ Rd7 1-0

[Event "ITA-chT"]
[Site "Palermo"]
[Date "2007.04.22"]
[Round "5"]
[White "Spada, Angelo"]
[Black "Ronchetti, Niccolo"]
[Result "0-1"]
[WhiteElo "2100"]
[BlackElo "2410"]
[PlyCount "78"]
[EventDate "2007.04.20"]
[EventType "team"]
[EventRounds "5"]
[EventCountry "ITA"]
[SourceTitle "CBM 117 Extra"]
[Source "ChessBase"]
[SourceDate "2007.05.09"]
[SourceVersion "1"]
[SourceVersionDate "2007.05.09"]
[SourceQuality "1"]

1. d4 Nf6 2. e3 c5 3. c3 b6 4. f4 Bb7 5. Nf3 g6 6. Bd3 Bg7 7. 0-0 0-0 8. Nbd2 Qc7 9. Qe1 Nc6 10. Qh4 e6 11. dxc5 bxc5 12. e4 d5 13. e5 Nd7 14. Ng5 h6 15. Bxg6 fxg6 16. Nxe6 Qc8 17. Nxf8 Qxf8 18. Nf3 Ba6 19. Re1 Bd3 20. Qh3 Qf5 21. g4 Qe6 22. Nh4 Be4 23. Nf3 Rf8 24. Rxe4 dxe4 25. Nh4 h5 26. f5 gxf5 27. Nxf5 hxg4 28. Nh6+ Bxh6 29. Qxh6 Qxh6 30. Bxh6 Re8 31. Rd1 Ncxe5 32. Rd5 Nf6 33. Rxc5 Nf3+ 34. Kf2 e3+ 35. Ke2 Ng1+ 36. Ke1 e2 37. Rf5 Nf3+ 38. Kf2 e1Q+ 39. Kg2 Qg1# 0-1

[Event "ITA-chT"]
[Site "Palermo"]
[Date "2007.04.20"]
[Round "1"]
[White "Spada, Angelo"]
[Black "Vallejo Pons, Francisco"]
[Result "0-1"]
[WhiteElo "2100"]
[BlackElo "2676"]
[PlyCount "56"]
[EventDate "2007.04.20"]
[EventType "team"]
[EventRounds "5"]
[EventCountry "ITA"]
[SourceTitle "CBM 117 Extra"]
[Source "ChessBase"]
[SourceDate "2007.05.09"]
[SourceVersion "1"]
[SourceVersionDate "2007.05.09"]
[SourceQuality "1"]

1. d4 Nf6 2. e3 g6 3. Nf3 Bg7 4. Be2 d6 5. c4 0-0 6. Nc3 Nbd7 7. b4 e5 8. Qb3 Re8 9. c5 Qe7 10. cxd6 cxd6 11. Bb2 Nb6 12. d5 e4 13. Nd4 a6 14. a4 h5 15. a5 Nbd7 16. Na4 Nh7 17. Rc1 Qg5 18. Kf1 h4 19. h3 Nhf6 20. Rc7 Nxd5 21. Rxc8 Raxc8 22. Bc4 Rxc4 23. Qxc4 Qxe3 24. Qxd5 Qd3+ 25. Kg1 e3 26. f4 e2 27. Kh2 Qg3+ 28. Kg1 e1Q# 0-1

[Event "Harkany Tenkes Cup 26th"]
[Site "Harkany"]
[Date "2002.11.19"]
[Round "6"]
[White "Spada, Angelo"]
[Black "Boguszlavszkij, Jevgenyij"]
[Result "0-1"]
[WhiteElo "2114"]
[BlackElo "2258"]
[PlyCount "82"]
[EventDate "2002.11.14"]
[EventType "swiss"]
[EventRounds "9"]
[EventCountry "HUN"]
[SourceTitle "EXT 2008"]
[Source "ChessBase"]
[SourceDate "2007.11.25"]
[SourceVersion "1"]
[SourceVersionDate "2007.11.25"]
[SourceQuality "1"]

1. d4 d5 2. e3 Nc6 3. f4 Bf5 4. Nf3 e6 5. c4 h6 6. Nc3 Nb4 7. cxd5 Nc2+ 8. Kf2 exd5 9. Rb1 Nb4 10. Ra1 Nf6 11. a3 Ng4+ 12. Kg3 h5 13. Nh4 Be6 14. h3 g5 15. hxg4 gxh4+ 16. Rxh4 Bxg4 17. Qb3 Rg8 18. Rxg4 Rxg4+ 19. Kf3 Nc6 20. Qxb7 Rg6 21. Bb5 Kd7 22. Bxc6+ Rxc6 23. Qb5 Bd6 24. Qxd5 Qh4 25. Qxf7+ Kc8 26. Qf5+ Kb7 27. Bd2 a6 28. Be1 Qe7 29. Nd5 Qg7 30. Nb4 Bxb4 31. Bxb4 Rg8 32. Rg1 Qg3+ 33. Ke2 Qh2 34. Kf1 Rc1+ 35. Ke2 Rxg2+ 36. Kd3 Qxg1 37. Qd5+ Rc6 38. Bc5 Qb1+ 39. Kc3 Rc2+ 40. Kb4 Qxb2+ 41. Ka5 Qb5# 0-1

[Event "Pecs op"]
[Site "Pecs"]
[Date "1996.??.??"]
[Round "2"]
[White "Kopasz, Robert"]
[Black "Spada, Angelo"]
[Result "1-0"]
[WhiteElo "2255"]
[BlackElo "2180"]
[PlyCount "73"]
[EventDate "1996.??.??"]
[EventType "swiss"]
[EventRounds "9"]
[EventCountry "HUN"]
[SourceTitle "EXT 2004"]
[Source "ChessBase"]
[SourceDate "2003.11.25"]
[SourceVersion "1"]
[SourceVersionDate "2003.11.25"]
[SourceQuality "1"]

1. e4 e5 2. Nf3 d6 3. d4 exd4 4. Nxd4 g6 5. Bc4 Bg7 6. Nc3 Nf6 7. Bg5 h6 8. Bf4 0-0 9. 0-0 c6 10. a4 Nxe4 11. Nxe4 d5 12. Nd6 dxc4 13. c3 c5 14. N4b5 a6 15. Na3 Qf6 16. Qc1 g5 17. Bg3 Nc6 18. Naxc4 Be6 19. Nb6 Na5 20. Nxa8 Nb3 21. Qe3 Nxa1 22. Nc7 Nb3 23. Nxe6 fxe6 24. Nxb7 Qe7 25. Nd6 Rd8 26. Nf5 Qd7 27. Nxg7 Kxg7 28. h4 Nd2 29. Re1 Nc4 30. Qxc5 Nxb2 31. Qe5+ Kf7 32. hxg5 hxg5 33. Qxg5 Nd3 34. Re3 Rh8 35. Rf3+ Ke8 36. Qg6+ Kd8 37. Rxd3 1-0

[Event "Cappelle op 11th"]
[Site "Cappelle la Grande"]
[Date "1995.??.??"]
[Round "4"]
[White "Filipenko, Alexander V"]
[Black "Spada, Angelo"]
[Result "1-0"]
[WhiteElo "2425"]
[BlackElo "2185"]
[PlyCount "89"]
[EventDate "1995.03.??"]
[EventType "swiss"]
[EventRounds "9"]
[EventCountry "FRA"]
[SourceTitle "EXT 1997"]
[Source "ChessBase"]
[SourceDate "1996.11.15"]
[SourceVersion "1"]
[SourceVersionDate "1996.11.15"]
[SourceQuality "1"]

1. e4 e5 2. Nf3 d6 3. d4 exd4 4. Nxd4 g6 5. Nc3 Bg7 6. Be3 Nf6 7. Qd2 0-0 8. 0-0-0 Re8 9. f3 Nc6 10. g4 Ne5 11. Qg2 a6 12. Be2 c5 13. Nb3 c4 14. Nd4 b5 15. g5 Nh5 16. f4 b4 17. Nd5 Qa5 18. Kb1 Ng4 19. Bxg4 Bxg4 20. Nc6 Qb5 21. Nce7+ Kf8 22. Qxg4 b3 23. axb3 cxb3 24. cxb3 Qxb3 25. Bd4 Bxd4 26. Rxd4 Rab8 27. Qe2 Rxe7 28. Nxe7 Nxf4 29. Qd2 Kxe7 30. Rd1 Qf3 31. e5 Ne6 32. exd6+ Kd7 33. Rd3 Qf5 34. Qc2 Qxg5 35. Qf2 Nd8 36. Rc1 Rb7 37. Rc7+ Rxc7 38. dxc7+ Kxc7 39. Qa7+ Nb7 40. Rc3+ Kd6 41. Qb6+ Ke5 42. Qxb7 Qf5+ 43. Ka1 Qf1+ 44. Ka2 h5 45. Qe7+ 1-0

[Event "Cappelle op 11th"]
[Site "Cappelle la Grande"]
[Date "1995.??.??"]
[Round "8"]
[White "Sarno, Spartaco"]
[Black "Spada, Angelo"]
[Result "1-0"]
[WhiteElo "2410"]
[BlackElo "2185"]
[PlyCount "41"]
[EventDate "1995.03.??"]
[EventType "swiss"]
[EventRounds "9"]
[EventCountry "FRA"]
[SourceTitle "EXT 1997"]
[Source "ChessBase"]
[SourceDate "1996.11.15"]
[SourceVersion "1"]
[SourceVersionDate "1996.11.15"]
[SourceQuality "1"]

1. c4 f5 2. g3 e6 3. Bg2 d5 4. d4 Nf6 5. Nf3 c6 6. 0-0 Bd6 7. Bf4 Bxf4 8. gxf4 0-0 9. Nbd2 Nbd7 10. Rc1 Ne4 11. e3 Rf6 12. Qe2 Rh6 13. Nxe4 fxe4 14. Ng5 e5 15. cxd5 exf4 16. exf4 cxd5 17. f3 e3 18. Qxe3 Nf6 19. Rfe1 Qb6 20. Qe8+ Nxe8 21. Rxe8# 1-0